LEADER 01189nam0-22003971i-450- 001 990007953840403321 005 20091116164205.0 010 $a88-343-1058-6 035 $a000795384 035 $aFED01000795384 035 $a(Aleph)000795384FED01 035 $a000795384 100 $a20041119d2003----km-y0itay50------ba 101 1 $aita$ceng 102 $aIT 105 $a--------001cy 200 1 $a<>nuova condizione umana$fZygmunt Bauman$gpresentazione di Mauro Magatti$gtraduzioni di Maura Micheloni e Elena Midolo 210 $aMilano$cVita & pensiero$dc2003 215 $a155 p.$d21 cm 225 1 $aTransizioni$v13 610 0 $aGlobalizzazione$aAspetti sociali 610 0 $aCambiamento sociale$aEconomia$aAspetti sociali 676 $a301.01$v22$zita 676 $a303.4$v22$zita 676 $a306.3$v22$zita 700 1$aBauman,$bZygmunt$f<1925- >$0124491 702 1$aMagatti,$bMauro 801 0$aIT$bUNINA$gRICA$2UNIMARC 901 $aBK 912 $a990007953840403321 952 $a14340 BAU/03$b20554$fSES 952 $a301.01 BAU 16$b4742$fBFS 959 $aSES 959 $aBFS 996 $aNuova condizione umana$9252578 997 $aUNINA